| 000 | 00672nam a2200205Ii 4500 | ||
|---|---|---|---|
| 003 | JO-AjNU | ||
| 008 | 230606s9999||||xx |||||||||||||| ||und|| | ||
| 020 | _a978-0-19-430924-0/978-0-19-430884-7 | ||
| 040 |
_aJO-AjNU _beng _erda _cJO-AjNU |
||
| 041 | _aeng | ||
| 050 | 1 | 4 | _aPE1471.S28 2006 |
| 100 | 3 |
_aتأليف Davis,Jason;م.مشارك Rhonda,Liss, _eauthor _92186 |
|
| 245 | 0 | 0 | _aEFFECTIVE ACADEMIC WRITING 3 :EHE SHORT ESSAY |
| 264 | 3 | 1 | _aNew York:Oxford University Press,2007 |
| 300 | _a184p | ||
| 336 |
_atext _btxt _2rdacontent |
||
| 337 |
_aunmediated _bn _2rdamedia |
||
| 338 |
_avolume _bnc _2rdacarrier |
||
| 650 | 4 |
_aEnglish Language-Rhetoric-Probems _92187 |
|
| 999 |
_aE1146 _c1146 _d1146 |
||